| 000 | 00653nam a2200205 i 4500 | ||
|---|---|---|---|
| 001 | Rebiun12797863 | ||
| 003 | AR-RoIUNI | ||
| 005 | 20250625170917.0 | ||
| 008 | 970204s1975 ag 000 0 spa c | ||
| 040 |
_aUMA.CEP _cAR-RoIUNI |
||
| 080 | _a158.3 | ||
| 100 | 1 | _aBenne, Kenneth D. | |
| 245 | 1 | 0 |
_aPsicodinamica del grupo T : _baplicaciones psicoterapeuticas y educacionales / _cKenneth D. Benne y otros |
| 260 |
_aBuenos Aires : _bPaidos, _cimp. 1975 |
||
| 300 |
_a218 p. ; _c23 cm |
||
| 490 | 0 |
_aBiblioteca de psquiatria, psicopatologia y psicosomatica. _v62 |
|
| 650 | 0 | 4 | _aDinamica de grupos |
| 650 | 0 | 4 |
_aPSICOLOGIA _9108 |
| 942 |
_2cdu _cBK |
||
| 999 |
_c6080 _d6080 |
||